| 000 | 00764na a2200265 4500 | ||
|---|---|---|---|
| 001 | 19486 | ||
| 003 | MIRAKIL | ||
| 005 | 20181213155107.0 | ||
| 008 | 161215b tu 000 0 | ||
| 020 | _a9944590606 | ||
| 040 |
_aMilas _btur _cTR-AnCHP |
||
| 041 | _atur | ||
| 082 |
_a818.42 _bT34k 2006 |
||
| 090 | _a818.42 T34k 2006 | ||
| 100 | _aTekin, Bilâl Ziya | ||
| 245 |
_aKemalist öğretmen el kitabı _bÖzgün şiirler-oyunlar-söylevler _cBilal Ziya Tekin |
||
| 260 |
_aAnkara _bOku-yorum Yayınları _c2006 |
||
| 300 |
_a296 s. _c24 sm. |
||
| 440 |
_aOku-yorum Yayınları _v2 |
||
| 490 |
_aEğitim Dizisi _v1 |
||
| 650 |
_aTürk edebiyatı _xŞiir |
||
| 650 |
_aTürk edebiyatı _xDestan |
||
| 650 |
_aEğitim _xÖğretmenlik |
||
| 942 |
_2ddc _cBKS |
||
| 999 |
_c6415 _d6415 |
||